<?xml version="1.0" encoding="UTF-8"?>
<record
    xmlns:xsi="http://www.w3.org/2001/XMLSchema-instance"
    xsi:schemaLocation="http://www.loc.gov/MARC21/slim http://www.loc.gov/standards/marcxml/schema/MARC21slim.xsd"
    xmlns="http://www.loc.gov/MARC21/slim">

  <leader>00925nam a2200229 a 4500</leader>
  <controlfield tag="001">52849</controlfield>
  <controlfield tag="003">BD-RjUL</controlfield>
  <controlfield tag="005">20211209075853.0</controlfield>
  <controlfield tag="008">160927r19811958ii ||||| |||| 00| 0 ben d</controlfield>
  <datafield tag="020" ind1=" " ind2=" ">
    <subfield code="c">: IRs 25.00 </subfield>
  </datafield>
  <datafield tag="035" ind1=" " ind2=" ">
    <subfield code="a">(BD-RjUL)52969</subfield>
  </datafield>
  <datafield tag="040" ind1=" " ind2=" ">
    <subfield code="a">BD-RjUL</subfield>
    <subfield code="b">ben </subfield>
    <subfield code="c">BD-RjUL</subfield>
  </datafield>
  <datafield tag="041" ind1=" " ind2=" ">
    <subfield code="a">ben </subfield>
  </datafield>
  <datafield tag="082" ind1=" " ind2=" ">
    <subfield code="2">23 </subfield>
    <subfield code="a">891.44109 </subfield>
    <subfield code="b">POM 1981 </subfield>
  </datafield>
  <datafield tag="100" ind1=" " ind2=" ">
    <subfield code="a">&#x9AA;&#x9CB;&#x9A6;&#x9CD;&#x9A6;&#x9BE;&#x9B0;, &#x985;&#x9B0;&#x9AC;&#x9BF;&#x9A8;&#x9CD;&#x9A6; </subfield>
    <subfield code="9">135112</subfield>
  </datafield>
  <datafield tag="245" ind1="1" ind2="0">
    <subfield code="a">&#x9AE;&#x9BE;&#x9A8;&#x9AC;&#x9A7;&#x9B0;&#x9CD;&#x9AE; &#x993; &#x9AC;&#x9BE;&#x982;&#x9B2;&#x9BE;&#x995;&#x9BE;&#x9AC;&#x9CD;&#x9AF;&#x9C7; &#x9AE;&#x9A7;&#x9CD;&#x9AF;&#x9AF;&#x9C1;&#x997; / </subfield>
    <subfield code="c">&#x985;&#x9B0;&#x9AC;&#x9BF;&#x9A8;&#x9CD;&#x9A6; &#x9AA;&#x9CB;&#x9A6;&#x9CD;&#x9A6;&#x9BE;&#x9B0; </subfield>
  </datafield>
  <datafield tag="260" ind1=" " ind2=" ">
    <subfield code="a">&#x995;&#x9B2;&#x9BF;&#x995;&#x9BE;&#x9A4;&#x9BE; :</subfield>
    <subfield code="b">&#x989;&#x99A;&#x9CD;&#x99A;&#x9BE;&#x9B0;&#x9A3;, </subfield>
    <subfield code="c">&#x9E7;&#x9EF;&#x9EB;&#x9EE; [&#x9AE;&#x9C1;&#x9A6;&#x9CD;&#x9B0;&#x9A3; &#x9E7;&#x9EF;&#x9EE;&#x9E7;] </subfield>
  </datafield>
  <datafield tag="300" ind1=" " ind2=" ">
    <subfield code="a">&#x9E8;&#x9E9;&#x9EC; &#x9AA;&#x9C3;. ; </subfield>
    <subfield code="c">&#x9E8;&#x9E7; &#x9B8;&#x9C7;&#x9AE;&#x9BF;. </subfield>
  </datafield>
  <datafield tag="650" ind1=" " ind2=" ">
    <subfield code="a">&#x9AC;&#x9BE;&#x982;&#x9B2;&#x9BE; &#x995;&#x9AC;&#x9BF;&#x9A4;&#x9BE; </subfield>
    <subfield code="x">&#x987;&#x9A4;&#x9BF;&#x9B9;&#x9BE;&#x9B8; &#x993; &#x9B8;&#x9AE;&#x9BE;&#x9B2;&#x9CB;&#x99A;&#x9A8;&#x9BE; </subfield>
    <subfield code="9">158030</subfield>
  </datafield>
  <datafield tag="650" ind1=" " ind2=" ">
    <subfield code="a">Bengali Poetry </subfield>
    <subfield code="x">History &amp; Criticism </subfield>
    <subfield code="9">121573</subfield>
  </datafield>
  <datafield tag="942" ind1=" " ind2=" ">
    <subfield code="2">ddc</subfield>
    <subfield code="c">BK</subfield>
  </datafield>
  <datafield tag="999" ind1=" " ind2=" ">
    <subfield code="c">52849</subfield>
    <subfield code="d">52849</subfield>
  </datafield>
  <datafield tag="952" ind1=" " ind2=" ">
    <subfield code="0">0</subfield>
    <subfield code="1">0</subfield>
    <subfield code="2">ddc</subfield>
    <subfield code="4">0</subfield>
    <subfield code="7">0</subfield>
    <subfield code="8">NFIC</subfield>
    <subfield code="a">RUCL</subfield>
    <subfield code="b">RUCL</subfield>
    <subfield code="c">Stack</subfield>
    <subfield code="d">1984-03-05</subfield>
    <subfield code="e">Tulip ent.</subfield>
    <subfield code="g">25.00</subfield>
    <subfield code="l">1</subfield>
    <subfield code="o">B 891.44109  POM 1981</subfield>
    <subfield code="r">2018-07-22 00:00:00</subfield>
    <subfield code="s">2018-07-08</subfield>
    <subfield code="t">C-2</subfield>
    <subfield code="w">2016-09-27</subfield>
    <subfield code="y">BK</subfield>
  </datafield>
  <datafield tag="952" ind1=" " ind2=" ">
    <subfield code="0">0</subfield>
    <subfield code="1">0</subfield>
    <subfield code="2">ddc</subfield>
    <subfield code="4">0</subfield>
    <subfield code="7">0</subfield>
    <subfield code="8">NFIC</subfield>
    <subfield code="a">RUCL</subfield>
    <subfield code="b">RUCL</subfield>
    <subfield code="c">Stack</subfield>
    <subfield code="d">1984-03-05</subfield>
    <subfield code="e">Tulip ent.</subfield>
    <subfield code="g">25.00</subfield>
    <subfield code="l">0</subfield>
    <subfield code="o">B 891.44109  POM 1981</subfield>
    <subfield code="r">2016-09-27 00:00:00</subfield>
    <subfield code="t">C-3</subfield>
    <subfield code="w">2016-09-27</subfield>
    <subfield code="y">BK</subfield>
  </datafield>
  <datafield tag="952" ind1=" " ind2=" ">
    <subfield code="0">0</subfield>
    <subfield code="1">0</subfield>
    <subfield code="2">ddc</subfield>
    <subfield code="4">0</subfield>
    <subfield code="7">0</subfield>
    <subfield code="8">NFIC</subfield>
    <subfield code="a">RUCL</subfield>
    <subfield code="b">RUCL</subfield>
    <subfield code="c">Stack</subfield>
    <subfield code="d">1984-03-05</subfield>
    <subfield code="e">Tulip ent.</subfield>
    <subfield code="g">25.00</subfield>
    <subfield code="l">0</subfield>
    <subfield code="o">B 891.44109  POM 1981</subfield>
    <subfield code="r">2016-09-28 00:00:00</subfield>
    <subfield code="t">C-4</subfield>
    <subfield code="w">2016-09-28</subfield>
    <subfield code="y">BK</subfield>
  </datafield>
  <datafield tag="952" ind1=" " ind2=" ">
    <subfield code="0">0</subfield>
    <subfield code="1">0</subfield>
    <subfield code="2">ddc</subfield>
    <subfield code="4">0</subfield>
    <subfield code="7">0</subfield>
    <subfield code="8">NFIC</subfield>
    <subfield code="a">RUCL</subfield>
    <subfield code="b">RUCL</subfield>
    <subfield code="c">Stack</subfield>
    <subfield code="d">1991-08-20</subfield>
    <subfield code="e">Sawkat Osman, Dhaka</subfield>
    <subfield code="l">0</subfield>
    <subfield code="o">B 891.44109  POM 1981</subfield>
    <subfield code="r">2016-10-23 00:00:00</subfield>
    <subfield code="t">C-5</subfield>
    <subfield code="w">2016-10-23</subfield>
    <subfield code="y">BK</subfield>
  </datafield>
</record>
